| 000 | 01590cam a22003734a 4500 | ||
|---|---|---|---|
| 001 | 13349201 | ||
| 003 | OSt | ||
| 005 | 20211231113209.0 | ||
| 008 | 030923s2005 ohua b 001 0 eng | ||
| 010 | _a 2003113145 | ||
| 020 | _a9812435220 | ||
| 038 | _aKhadija | ||
| 040 |
_aDLC _cDLC _dDLC |
||
| 042 | _apcc | ||
| 050 | 0 | 0 |
_aTS156 _b.E93 2005 |
| 082 | 0 | 0 |
_a658.562 _222 _bEVA |
| 100 | 1 |
_aEvans, James R. _q(James Robert), _d1950- _987218 |
|
| 245 | 1 | 4 |
_aThe Management and Control of Quality / _cJames R. Evans, William M. Lindsay. |
| 250 | _a6th ed. | ||
| 260 |
_aMason, OH : _bThomson/South-Western, _cc2005. |
||
| 300 |
_a1 v. (various pagings) : _bill. ; _c26 cm.) + _e1 CD-ROM (4 3/4 in.) |
||
| 504 | _aIncludes bibliographical references and index. | ||
| 563 | _aPB | ||
| 650 | 0 |
_aQuality control. _987223 |
|
| 650 | 0 |
_aTotal quality management. _987224 |
|
| 650 | 0 |
_aQuality assurance. _987225 |
|
| 700 | 1 |
_aLindsay, William M. _987226 |
|
| 856 | 4 | 2 |
_3Contributor biographical information _uhttp://www.loc.gov/catdir/enhancements/fy1103/2003113145-b.html |
| 856 | 4 | 2 |
_3Publisher description _uhttp://www.loc.gov/catdir/enhancements/fy1103/2003113145-d.html |
| 856 | 4 | 1 |
_3Table of contents only _uhttp://www.loc.gov/catdir/enhancements/fy1103/2003113145-t.html |
| 906 |
_a7 _bcbc _corignew _d2 _eepcn _f20 _gy-gencatlg |
||
| 942 |
_2ddc _cBK |
||
| 999 |
_c31548 _d31548 |
||